00660nam a2200229 a 4500008004100000020002200041100001900063245009700082260003600179300001300215300003400228500002000262650002000282650001300302650002400315650002200339700002300361700001900384003000100403005001700404040000900421  a0073383798 (pbk.)1 aSilverman, Jay10aRules of thumb :ba guide for writers /cJay Silverman, Elaine Hughes and Diana R Wienbroer. aNew York :bMcGraw-Hill,c2009. a7nth ed. axviii, 203 p. :bill. ;23 cm. aIncludes Index. aReport writing. aGrammar. aRhetoric handbooks. 1aEnglish language. aWienbroer Diana R. aHughes Elaine.20230123125306.0 cNUST